header

Consumer food safety (Record no. 102503)

MARC details
000 -LEADER
fixed length control field 01180nam a2200277Ia 4500
245 00 - TITLE STATEMENT
Title Consumer food safety
260 ## - PUBLICATION, DISTRIBUTION, ETC. (IMPRINT)
Place of publication Bradford, England :
Name of publisher Emerald Group Publishing,
Year of publication c2005.
300 ## - PHYSICAL DESCRIPTION
Number of Pages 101 p.
490 0# - SERIES STATEMENT
Series statement British food journal: an international multi-disciplinary journal for the dissemination of food-related research ;
650 #0 - SUBJECT ADDED ENTRY--TOPICAL TERM
Topical Term Agricultural industries.
Topical Term Food industry and trade.
700 1# - ADDED ENTRY--PERSONAL NAME
Personal name Griffith, C. J.
856 40 - ELECTRONIC LOCATION AND ACCESS
Uniform Resource Identifier http://site.ebrary.com/lib/rucke/Doc?id=10103419

No items available.

© 2026 Rongo University
Contact us: librarian | system librarian | Rongo university